Vplyv puzolánových prímesí na hydratáciu cementových kompozitov

Saved in:
Bibliographic Details
Main Author: Grebáčová, Viktória (Author)
Other Authors: Štefunková, Zuzana (Thesis advisor)
Format: Manuscript Book
Language:Slovak
Published: 2022
Subjects:
Online Access:http://is.stuba.sk/zp/portal_zp.pl?podrobnosti=166133
https://opac.crzp.sk/?fn=detailBiblioForm&sid=D9F0BB0A8DA992698DA898D31B33
Tags: Add Tag
No Tags, Be the first to tag this record!

MARC

LEADER 00000ntm a22000003a 4500
001 stuzp90917
003 SK-STU
005 20230503133155.8
007 ta
008 150427s2015----xo-----f-mn---000-0-slo-d
040 |a STU  |b slo 
041 0 |a slo 
100 1 |a Grebáčová, Viktória  |u 010200  |4 aut  |U SvF Stavebná fakulta  |T SvF Katedra materiálového inžinierstva a fyziky  |X 75527  |U V200  |Y 844  |7 75527 
242 0 1 |a Influence of Pozzolanic Admixtures on Hydration of Cement Composites  |y eng 
245 1 0 |a Vplyv puzolánových prímesí na hydratáciu cementových kompozitov 
260 |c 2022 
650 4 |a puzolány  |2 slo 
650 4 |a RTG  |2 slo 
650 4 |a DTA  |2 slo 
650 4 |a pozzolans  |2 eng 
650 4 |a DTA  |2 eng 
650 4 |a TG  |2 eng 
700 1 |a Štefunková, Zuzana  |u 010200  |k Z1  |4 ths  |U SvF Stavebná fakulta  |T SvF Katedra materiálového inžinierstva a fyziky  |X 24756  |U V200  |Y 844  |7 A000024756 
856 4 |u http://is.stuba.sk/zp/portal_zp.pl?podrobnosti=166133 
856 4 |u https://opac.crzp.sk/?fn=detailBiblioForm&sid=D9F0BB0A8DA992698DA898D31B33